| 000 | 00542nam a2200193Ia 4500 | ||
|---|---|---|---|
| 005 | 20250326143824.0 | ||
| 008 | 250326s9999 xx 000 0 und d | ||
| 020 | _a0-470-82150-7 | ||
| 037 | _aTextbook | ||
| 040 |
_aFMSL _beng _cFMSL |
||
| 041 |
_aeng _2eng |
||
| 084 |
_aX:51g P5 _qFMSL |
||
| 100 |
_aChoudhry M _9747920 |
||
| 245 | 0 |
_aMoney markets handbook : practitioners guide _cChoudhry M |
|
| 260 |
_aSingapore _bSingapore, John Wiley _c2005 |
||
| 300 | _a441p | ||
| 942 |
_cTB _hX:51g P5 |
||
| 999 |
_c1301197 _d1301197 |
||